Ascian in rose /

Bibliographic Details
Main Author: De Lint, Charles, 1951- (Author)
Other Authors: Gordon, Donna (Illustrator)
Format: Book
Language:English
Published: Seattle, Washington : Axolotl Press, [1986]
Edition:First edition.
Subjects:

MARC

Tag First Indicator Second Indicator Subfields
LEADER 00000cam a2200000 a 4500
001 in00000034275
005 20200617161805.0
008 870609s1986 wauaf 000 1 eng
010 |a  87402130  
035 |9 AAC1358AM 
040 |a DLC  |b eng  |c DLC  |d IXA  |d OCL  |d BTCTA  |d BAKER  |d OCLCG  |d OCLCO  |d OCLCF  |d OCLCQ  |d CDS  |d OCL  |d OCLCA  |d TXA 
020 |z 0939879093  |q (deluxe) 
020 |z 9780939879090  |q (deluxe) 
020 |a 0939879115  |q (hard) 
020 |a 9780939879113  |q (hard) 
020 |a 0939879107  |q (pbk.) 
020 |a 9780939879106  |q (pbk.) 
035 |a (OCoLC)16313045 
050 0 0 |a PR9199.3.D357  |b A9 1986 
082 0 0 |a 813/.54  |2 19 
100 1 |a De Lint, Charles,  |d 1951-  |e author. 
245 1 0 |a Ascian in rose /  |c by Charles de Lint ; introduction by James P. Blaylock ; illustration by Donna Gordon. 
250 |a First edition. 
264 1 |a Seattle, Washington :  |b Axolotl Press,  |c [1986] 
264 4 |c ©1986 
300 |a 83 pages, 1 unnumbered leaf of plates :  |b 1 illustration ;  |c 23 cm 
336 |a text  |b txt  |2 rdacontent 
337 |a unmediated  |b n  |2 rdamedia 
338 |a volume  |b nc  |2 rdacarrier 
500 |a "Published in an edition of eight hundred and seventy-five copies of which eight hundred and fifty copies have been offered for sale in the following manner: fifty copies, bound in leather, numbered 1-50. Three hundred copies, bound in cloth and numbered 1-300. Five hundred copies, perfectbound, unnumbered. The remaining twenty five are not offered for sale."--Statement of limitation page. 
500 |a One of the Cushing Library/Science Fiction Collection copies is copy 249 and is signed by the author. 
655 7 |a Fantasy fiction.  |2 fast  |0 (OCoLC)fst01726607 
655 7 |a Fantastic fiction.  |2 gsafd 
655 7 |a Fantasy fiction.  |2 lcgft 
700 1 |a Blaylock, James P.,  |d 1950-  |e writer of introduction. 
700 1 |a Gordon, Donna,  |e illustrator. 
938 |a Baker & Taylor  |b BKTY  |c 65.00  |d 65.00  |i 0939879093  |n 0002415079  |s active 
938 |a Baker and Taylor  |b BTCP  |n 87402130 //r97 
994 |a C0  |b TXA 
948 |a updated  |b h  |c 2020/6/17  |d c  |e nbehmer  |f 4:16:37 pm 
999 f f |s fe59b376-e8d4-381c-9189-77d6e821ff4a  |i 27be60f3-2a6f-33b7-bf49-b90f54ba326e  |t 0 
952 f f |p noncirc  |a Texas A&M University  |b College Station  |c Cushing Memorial Library & Archives  |d Cushing: Science Fiction (Does not check out)  |t 0  |e PR9199.3.D357 A9 1986  |h Library of Congress classification  |i unmediated -- volume 
952 f f |p noncirc  |a Texas A&M University  |b College Station  |c Cushing Memorial Library & Archives  |d Cushing: Science Fiction (Does not check out)  |t 0  |e PR9199.3.D357 A9 1986  |h Library of Congress classification  |i unmediated -- volume  |m A14809880072 
998 f f |a PR9199.3.D357 A9 1986  |t 0  |l Cushing: Science Fiction (Does not check out) 
998 f f |a PR9199.3.D357 A9 1986  |t 0  |l Cushing: Science Fiction (Does not check out)